000 00456nam a2200145Ia 4500
008 231129s2016||||xx |||||||||||||| ||spa||
020 _a978-958-46-8990-0
040 _bspa
082 _aCo863.5 S486s
100 _aSerna Arango Julián
245 0 _aSólo lo efí­mero es real: relatos
260 _c2016
264 _aPereira México : Ediciones sin nombre; Universidad Tecnológica de Pereira
942 _2ddc
_cBKS
999 _c24796
_d24796